বাংলাদেশের মুক্তিযুদ্ধভিত্তিক চলচ্চিএে জনযুদ্ধের উপস্হাপন / (Record no. 77946)
[ view plain ]
| 000 -LEADER | |
|---|---|
| fixed length control field | 01975nam a2200289 a 4500 |
| 001 - CONTROL NUMBER | |
| control field | 77946 |
| 003 - CONTROL NUMBER IDENTIFIER | |
| rucl marc code | BD-RjUL |
| 005 - DATE AND TIME OF LATEST TRANSACTION | |
| control field | 20211209083053.0 |
| 008 - FIXED-LENGTH DATA ELEMENTS--GENERAL INFORMATION | |
| fixed length control field | 210215s2013 bg a|||| m||| 00| 0 ben d |
| 035 ## - SYSTEM CONTROL NUMBER | |
| System control number | (BD-RjUL)78172 |
| 040 ## - CATALOGING SOURCE | |
| Original cataloging agency | BD-RjUL |
| Language of cataloging | ben /eng |
| Transcribing agency | BD-RjUL |
| Modifying agency | BD-RjUL |
| 041 ## - LANGUAGE CODE | |
| Language code of text/sound track or separate title | ben |
| 082 ## - DEWEY DECIMAL CLASSIFICATION NUMBER | |
| Classification number | 954.9205 |
| Author mark and year | BAB 2013 |
| Edition number | 23 |
| 100 ## - MAIN ENTRY--PERSONAL NAME | |
| Personal name | বকুল, মো. মোজাম্মেল হোসেন |
| 9 (RLIN) | 185038 |
| 245 10 - TITLE STATEMENT | |
| Title | বাংলাদেশের মুক্তিযুদ্ধভিত্তিক চলচ্চিএে জনযুদ্ধের উপস্হাপন / |
| Statement of responsibility, etc. | মো. মোজাম্মেল হোসেন বকুল ; |
| Linkage | গবেষণা তত্ত্বাবধায়ক : প্রদীপ কুমার পান্ডে |
| 260 ## - PUBLICATION, DISTRIBUTION, ETC. (IMPRINT) | |
| Place of publication, distribution, etc. | রাজশাহী : |
| Name of publisher, distributor, etc. | ইনস্টিটিউট অব বাংলাদেশ স্টাডিজ, রাজশাহী বিশ্ববিদ্যালয়, |
| Date of publication, distribution, etc. | ২০১৩ |
| 300 ## - PHYSICAL DESCRIPTION | |
| Pagination | [৪], xiii, ৩৭১ পাতা : |
| Illustrations | চিএ ; |
| Size | ২৯ সেমি. |
| 502 ## - DISSERTATION NOTE | |
| Dissertation note | থিসিস (পএইচ. ডি.) -- ইনস্টিটিউট অব বাংলাদেশ স্টাডিজ, রাজশাহী বিশ্ববিদ্যালয়, ২০১৩ |
| 504 ## - BIBLIOGRAPHY, ETC. NOTE | |
| Bibliography, etc | গ্রন্থপঞ্জি : পাতা ৩৫৯-৩৭১ |
| 600 ## - SUBJECT ADDED ENTRY--PERSONAL NAME | |
| Titles and other words associated with a name | . |
| Dates associated with a name | |
| Fuller form of name | |
| General subdivision | |
| 650 ## - SUBJECT ADDED ENTRY--TOPICAL TERM | |
| Topical term or geographic name as entry element | গণহত্যা |
| Geographic subdivision | বাংলাদেশ |
| General subdivision | ইতিহাস |
| Chronological subdivision | বিংশ শতাব্দী |
| 9 (RLIN) | 244985 |
| Topical term or geographic name as entry element | Genocide |
| Geographic subdivision | Bangladesh |
| General subdivision | History |
| Chronological subdivision | 20th century |
| 9 (RLIN) | 244986 |
| 651 ## - SUBJECT ADDED ENTRY--GEOGRAPHIC NAME | |
| Geographic name | বাংলাদেশ |
| General subdivision | ইতিহাস |
| -- | মুক্তিযুদ্ধ, ১৯৭১ |
| 9 (RLIN) | 244987 |
| Geographic name | Bangladesh |
| General subdivision | History |
| -- | Liberation War, 1971 |
| 9 (RLIN) | 244988 |
| 700 ## - ADDED ENTRY--PERSONAL NAME | |
| Personal name | পান্ডে, প্রদীপ কুমার, গবেষণা তত্ত্বাবধায়ক |
| 942 ## - ADDED ENTRY ELEMENTS (KOHA) | |
| Source of classification or shelving scheme | Dewey Decimal Classification |
| Koha item type | Theses |
| Lost status | Source of classification or shelving scheme | Damaged status | Not for loan | Collection code | Permanent Location | Current Location | Shelving location | Date acquired | Source of acquisition | Total Checkouts | Full call number | Date last seen | Copy number | Koha item type |
|---|---|---|---|---|---|---|---|---|---|---|---|---|---|---|
| Dewey Decimal Classification | Not For Loan | Theses | Central Library, University of Rajshahi | Central Library, University of Rajshahi | Documentation Section | 21/12/2014 | Controller of Exam., R.U | BTHE 954.9205 BAB 2013 | 15/02/2021 | C-1 | Theses |